| 000 | 00856nam a22001817a 4500 | ||
|---|---|---|---|
| 999 |
_c63235 _d63235 |
||
| 003 | Ge_BSU | ||
| 005 | 20250702144126.0 | ||
| 008 | 250702s1976 ge ||||| |||| 00| 0 geo d | ||
| 041 | _ageo | ||
| 080 | _a331.346 ნ-44 | ||
| 100 |
_aნეიძე, ე. _9877 |
||
| 245 |
_aგარანტიები და კომპენსაციები მუშა-მოსამსახურეებისათვის / _cე. ნეიძე. |
||
| 264 |
_aთბილისი : _bსაბჭ. საქართველო, _c 1976. |
||
| 300 |
_a43 გვ. ; _b20 სმ. |
||
| 440 |
_aსაზოგადოება და კანონი : სკკპ XXV ყრილობა _925597 |
||
| 653 | _aმუშა-მოსამსახურეების კომპენსაციები | ||
| 942 |
_2udc _cᲬᲘᲒᲜᲘ |
||